000 00519nam a2200193Ia 4500
005 20251114165108.0
008 230125s9999 xx 000 0 und d
041 _aeng
082 _a158.1
_bKOH/WIL
100 _aKohe J M
_9214957
245 _aHow To Become a Mental Millionaire
260 _c2006
_bMaster mind books
_aBangalore
300 _a256p
500 _aPersonality Development,
650 _aPersonality Development
_9213420
700 _aKohe J M & Williamson J
_9214958
906 _b30
942 _cBK
999 _c86796
_d86796